00529nam a2200193 a 450000100060000000300090000600800410001502000150005604000280007108200090009910000180010824500370012626000230016330000090018650500370019565000330023265000370026565000330030222989CO-ViMGA141112s2004 ck r 000 u spa d a9580484392 aCO-ViMGAbspacCO-ViMGA04aMCKq1 aMackee, David10aQuièn es la señora garcìa? aColombia : bNorma a28p. aQuièn es la señora garcìa?14aCUENTOS INFANTILES INGLESES 14aTOLERANCIA - CUENTOS INFANTILES 14aVALORES - CUENTOS INFANTILES